| 000 | 00887nam a22002297a 4500 | ||
|---|---|---|---|
| 999 |
_c19675 _d19675 |
||
| 003 | AR-CdUCM | ||
| 008 | 190520b ||||| |||| 00| 0 spa d | ||
| 040 |
_aMUNICIPALIDAD PROVINCIAL DEL CUSCO _cBIBLIOTECA MUNICIPAL DEL CUSCO |
||
| 082 |
_22ed _a330.18 / _bM12 |
||
| 100 |
_aMcIsaac, Archibald MacDonald _941157 |
||
| 245 | _aElementos de análisis económico / | ||
| 260 |
_aMéxico, D.F : _bFondo de Cultura Económica, _c1960. |
||
| 300 |
_a261 páginas ; _bDiagramas, _c22 cm. |
||
| 440 |
_aSección de obras de economía _96499 |
||
| 505 | _aContenido: Análisis de precios -- La empresa, determinación de los precios de los factores, ocupación e ingresos -- La inversión. | ||
| 650 |
_aEmpresas _95583 |
||
| 650 |
_aAnálisis económico _95582 |
||
| 650 |
_aPrecios _95669 |
||
| 700 |
_aOrnelas, R. (traducción) _941158 |
||
| 942 |
_2ddc _cLIBROS |
||
| 945 |
_adavv _d2019-05-20 |
||